| 000 | 00537nam a2200217Ia 4500 | ||
|---|---|---|---|
| 003 | OSt | ||
| 005 | 20231108111951.0 | ||
| 008 | 210210b2014 xxu||||| |||| 00| 0 eng d | ||
| 020 | _a9789381195765 | ||
| 040 | _cAL | ||
| 041 | _aeng | ||
| 082 | _a658.4 KUMO | ||
| 100 |
_aKUMARI (Veena B K) _9141149 |
||
| 245 | _aOrganisational behaviour | ||
| 260 |
_aMangalore _bUnited Publishers _c2014 |
||
| 300 | _a210 | ||
| 650 |
_a BBM V SEM _9141150 |
||
| 690 |
_aOrganisational Behaviour _9141151 |
||
| 906 | _a069714 | ||
| 942 |
_2ddc _cBK |
||
| 999 |
_c119225 _d119225 |
||